Bajki, przypowieści, satyry /
Gespeichert in:
| 1. Verfasser: | |
|---|---|
| Körperschaft: | |
| Weitere Verfasser: | |
| Format: | Buch |
| Sprache: | Polnisch |
| Veröffentlicht: |
Rzeszów :
Krajowa Agencja Wydawnicza,
1989.
|
| Ausgabe: | Wydanie II. |
| Schlagworte: | |
| Tags: |
Keine Tags, Fügen Sie das erste Tag hinzu!
|
MARC
| LEADER | 00000cam#a2200000#i#4500 | ||
|---|---|---|---|
| 001 | 9914941925305606 | ||
| 005 | 20260515140227.0 | ||
| 008 | 101201s1989 pl a 00 m pol d | ||
| 020 | |a 8303013866 | ||
| 035 | |a 262169-48omnis_network | ||
| 035 | |a (PL)b0001490062881 | ||
| 040 | |a POZN M |c POZN M | ||
| 080 | |a 821.162.1-1 | ||
| 090 | |c 106 |d 105 | ||
| 100 | 1 | |a Krasicki, Ignacy |d (1735-1801) | |
| 245 | 1 | 0 | |a Bajki, przypowieści, satyry / |c Ignacy Krasicki ; [opracowanie graficzne Mirosław Pokora]. |
| 250 | |a Wydanie II. | ||
| 260 | |a Rzeszów : |b Krajowa Agencja Wydawnicza, |c 1989. | ||
| 300 | |a 95, [1] strona : |b ilustracje ; |c 21 cm. | ||
| 500 | |a Wyboru tekstów dokonano na podstawie Pisma poetyckie, PIW,Warszawa 1980. | ||
| 650 | 7 | |a Bajka i baśń polska |y 18 w. | |
| 650 | 7 | |a Satyra polska |y 18 w. | |
| 700 | 1 | |a Pokora, Mirosław |d (1931-2006) |e Ilustracje | |
| 710 | 2 | |a Krajowa Agencja Wydawnicza (1974-2004). | |
| 920 | |a 83-03-01386-6 | ||
| 942 | |c K | ||
| 952 | |0 0 |1 0 |4 0 |6 R__4_000000000000000 |7 0 |9 101 |a RYT |b RYT |d 2026-05-12 |e 1/2014 |g 10.00 |l 0 |o R.4 |p 2000000000046 |r 2026-05-15 14:02:27 |w 2026-05-15 |y BK |z da | ||
| 999 | |c 101 |d 101 | ||